| 000 | 00000cam 2200000zi 4500 |
| 001 | 9.957250 |
| 003 | CaOODSP |
| 005 | 20251215130445 |
| 006 | m o d f |
| 007 | cr |n||||||||| |
| 008 | 251110t20252025quc o f000 0 fre d |
| 020 | |a9780660796772 |
| 040 | |aCaOODSP|bfre|erda|cCaOODSP |
| 043 | |an-cn--- |
| 086 | 1 |aSE3-114/1-2025F-PDF |
| 245 | 00|aÉtude nationale auprès des électeurs pour la 45e élection fédérale canadienne : |brapport de méthodologie / |cpréparé pour Élections Canada. |
| 264 | 1|a[Gatineau, Québec] : |bÉlections Canada, |c2025. |
| 264 | 4|c©2025 |
| 300 | |a1 ressource en ligne (110 pages) |
| 336 | |atexte|btxt|2rdacontent/fre |
| 337 | |ainformatique|bc|2rdamedia/fre |
| 338 | |aressource en ligne|bcr|2rdacarrier/fre |
| 500 | |aPublié aussi en anglais sous le titre : National electors study for the 45th Canadian federal election : methodology report. |
| 500 | |a« Fournisseurs : Phoenix SPI et Advanis. » |
| 500 | |a« Numéro de contrat : 05005-2023-2467. » |
| 500 | |a« Date de livraison : Septembre 2025. » |
| 610 | 16|aCanada. |bParlement|xÉlections, 2025. |
| 650 | 6|aÉlections|zCanada|xOpinion publique. |
| 650 | 6|aÉlections|zCanada|vStatistiques. |
| 650 | 6|aVote|zCanada|xOpinion publique. |
| 650 | 6|aVote|zCanada|vStatistiques. |
| 650 | 6|aOpinion publique|zCanada. |
| 710 | 2 |aÉlections Canada, |eorganisme de publication. |
| 710 | 2 |aPhoenix Strategic Perspectives Inc., |econsultant. |
| 710 | 2 |aAdvanis (Firme), |econsultant. |
| 775 | 08|tNational electors study for the 45th Canadian federal election : |w(CaOODSP)9.957248 |
| 856 | 40|qPDF|s762 Ko|uhttps://publications.gc.ca/collections/collection_2025/elections/SE3-114-1-2025-fra.pdf|z(rapport de méthodologie) |
| 856 | 4 |qHTML|sS.O.|uhttps://epe.bac-lac.gc.ca/100/200/301/pwgsc-tpsgc/por-ef/elections_canada/2025/2025-12-f/index_f.html|z(rapport de méthodologie) |
| 856 | 4 |qHTML|sS.O.|uhttps://epe.bac-lac.gc.ca/100/200/301/pwgsc-tpsgc/por-ef/elections_canada/2025/2025-12-f/index.html|z(ensemble de données complet) |